kku e-library facility

Malnutrition and Food Habits (Record no. 180)

MARC details
000 -LEADER
fixed length control field 00378nam a2200121 4500
005 - DATE AND TIME OF LATEST TRANSACTION
control field 20260227094148.0
008 - FIXED-LENGTH DATA ELEMENTS--GENERAL INFORMATION
fixed length control field 260227b |||||||| |||| 00| 0 eng d
100 ## - MAIN ENTRY--PERSONAL NAME
Personal name Burgess Anne & Dean R.F.A
245 ## - TITLE STATEMENT
Title Malnutrition and Food Habits
Statement of responsibility, etc. /Anne Burgess & R. F. A. Dean
260 ## - PUBLICATION, DISTRIBUTION, ETC.
Place of publication, distribution, etc. London;
Name of publisher, distributor, etc. Tavistock Publications Limited;
Date of publication, distribution, etc. 1962
300 ## - PHYSICAL DESCRIPTION
Extent xix, 210p.ill;
Dimensions 22cm
942 ## - ADDED ENTRY ELEMENTS (KOHA)
Source of classification or shelving scheme Library of Congress Classification
Suppress in OPAC No
Koha item type Books

No items available.

©2025 All rights reserved. KKU